| 000 | 00950nam a22002297a 4500 | ||
|---|---|---|---|
| 001 | 44132 | ||
| 003 | BD-RjUL | ||
| 005 | 20211209053814.0 | ||
| 008 | 160713r19951986ii ||||| |||| 00| 0 ben d | ||
| 020 | _c: IRs 50.00 | ||
| 035 | _a(BD-RjUL)44250 | ||
| 040 |
_aBD-RjUL _bben _cBD-RjUL |
||
| 041 | _aben | ||
| 082 |
_223 _a891.444 _bBAN 1995 |
||
| 245 | 0 | 0 |
_aবঙ্কিমচন্দ্রের বিবিধ প্রবন্ধ : _bবিস্তৃত ভূমিকা ও প্রশ্নাবলী সম্বলিত / |
| 260 |
_aকলিকাতা : _bমডার্ণ বুক, _c১৯৮৬ [মুদ্রণ ১৯৯৫] |
||
| 300 |
_a৪১৬ পৃ. ; _c২১ সেমি. |
||
| 650 |
_aবাংলা প্রবন্ধ _9135499 |
||
| 650 |
_aBengali Essays _9135500 |
||
| 700 |
_aসান্যাল, ভবানী গোপাল, সম্পাদক _9135501 |
||
| 942 |
_2ddc _cBK |
||
| 999 |
_c44132 _d44132 |
||